UBT Library

From Beirut to Jerusalem / (Record no. 40522)

000 -LEADER
fixed length control field 00617cam a2200229 a 4500
001 - CONTROL NUMBER
control field 4346467
005 - DATE AND TIME OF LATEST TRANSACTION
control field 20180119033836.0
008 - FIXED-LENGTH DATA ELEMENTS--GENERAL INFORMATION
fixed length control field 890426s1989 nyua 001 0deng
010 ## - LIBRARY OF CONGRESS CONTROL NUMBER
LC control number 89045583
020 ## - INTERNATIONAL STANDARD BOOK NUMBER
International Standard Book Number 0374158940 :
Terms of availability $22.95
040 ## - CATALOGING SOURCE
Original cataloging agency DLC
Transcribing agency DLC
Modifying agency DLC
041 ## - LANGUAGE CODE
Language code of text/sound track or separate title eng
043 ## - GEOGRAPHIC AREA CODE
Geographic area code ma-----
-- a-is---
-- a-le---
080 ## - UNIVERSAL DECIMAL CLASSIFICATION NUMBER
Universal Decimal Classification number 956.04 FRI
082 00 - DEWEY DECIMAL CLASSIFICATION NUMBER
Classification number 956.04 FRI
Edition number 20
100 1# - Rafti
Rafti 19
101 ## - Shkurtesa
Shkurtesa POL
245 10 - TITLE STATEMENT
Title From Beirut to Jerusalem /
Statement of responsibility, etc Thomas L. Friedman.
906 ## - LOCAL DATA ELEMENT F, LDF (RLIN)
a 7
b cbc
c orignew
d 2
e ocip
f 19
g y-gencatlg
942 ## - ADDED ENTRY ELEMENTS (KOHA)
Source of classification or shelving scheme
Item type Books
Holdings
Withdrawn status Lost status Source of classification or shelving scheme Damaged status Not for loan Collection code Permanent location Current location Shelving location Date acquired Total Checkouts Full call number Barcode Date last seen Price effective from Koha item type
          Koleksioni i përgjithshem UBT - Lipjan UBT - Lipjan Koleksioni i përgjithshem 01/19/2018   956.04 FRI 002-2995718 01/19/2018 01/19/2018 Books
UBT Library © 2015-2024. All rights reserved University Education for Business and Technology